000 00353pab a2200157 454500
008 180718b1979 xxu||||| |||| 00| 0 eng d
100 _aMathur, G.C.
245 _aConservation of existing housing stock
260 _c1979
300 _ap.60-70.
362 _aOct-Dec
650 _aHousing
773 _aNagarlok
908 _aN
909 _a102151
999 _c102149
_d102149